Представление документа в формате RUSMARC

ПолеНазваниеЗначение
  Тип записи a
  Библиографический уровень a
001 Контрольный номер RU/CBS_Ul/BASE/532803173
005 Дата корректировки 20240209175207.6
100 Данные общей обработки __
a Данные общей обработки 20161118d2016 ||| 0rusy0189 ca
101 Язык документа 0_
a Язык текста rus
102 Страна публикации __
a Страна публикации RU
105 Кодированные данные (монография) __
a Кодированные данные (монография) y###||||000|y
200 Заглавие и сведения об ответственности 1_
a Заглавие Трамплин в Белый дом
b Общее обозначение материала Текст
e Сведения, относящиеся к заглавию [президентские выборы в США в 2016 году]
f Первые сведения об ответственности В. Воробьёв
300 Общие примечания __
a Общие примечания Ограничения по возрасту - 12+
461 Уровень набора _0
1 2000
a Сельская новь
463 Уровень физической единицы _0
1 001RU/CBS_Ul/BASE/532698678
1 2000
a № 11
v С. 36-39 : фото
1 210
d 2016
600 Персоналии _0
a Персоналии (Фамилия) Клинтон
b Персоналии (Имя, инициалы) Х.
600 Персоналии _0
a Персоналии (Фамилия) Трамп
b Персоналии (Имя, инициалы) Д.
606 Тематические рубрики 0_
a Основная рубрика Президентские выборы - Соединённые Штаты Америки - 2016
y Географическая подрубрика США
z Хронологическая подрубрика 2016
610 Ключевые слова 0_
a Ключевые слова выборы
a Ключевые слова президентские выборы
a Ключевые слова избирательные кампании
a Ключевые слова президенты
a Ключевые слова президенты американские
a Ключевые слова американские президенты
686 Индексы других классификаций __
a Классификационный индекс 66.3(7Сое)
2 Код системы ББК
700 Автор _1
a Фамилия Воробьёв
b Имя (инициалы) В.
801 Источник записи _0
a Страна RU
b Организация МБУК ЦБС г. Ульяновска
c Дата составления 20161118
g Правила каталогизации RCR
801 Источник записи _1
a Страна RU
b Организация МБУК ЦБС г. Ульяновска
c Дата составления 20161118
g Правила каталогизации RCR
901 Тип документа __
t Тип документа b
w Контрольный № источника RU/CBS_Ul/BASE/532698678
910 Корректоры записи __
a Корректор записи Библиотека 2
938 Служебная информация __
a Имя БД period